Science Quiz

Random Science or Elements Quiz

30 Pics in 60: Elements Quiz Stats

 Plays Quiz not verified by Sporcle

Support Sporcle.
Go Orange.
Score 0/30 Timer 01:00
0 Plays Today
% Correct
Oxygen
56.9%
Hydrogen
56.5%
Carbon
55.6%
Helium
54.8%
Lithium
54.5%
Xenon
53.9%
Nitrogen
53.8%
Magnesium
53.4%
Iodine
52.7%
Aluminium
52.2%
Chlorine
51.9%
Calcium
51.1%
Potassium
51.1%
Boron
51%
Sodium
49.9%
% Correct
Iron
49.8%
Cobalt
48.2%
Silver
47.9%
Silicon
47.6%
Nickel
47.2%
Titanium
46.1%
Copper
45%
Uranium
44.9%
Bromine
43.9%
Lead
39.6%
Vanadium
35.3%
Bismuth
33.3%
Livermorium
32.7%
Hafnium
31%
Tungsten
30.4%

You're not logged in!

Compare scores with friends on all Sporcle quizzes.
OR
Log In

From the Vault

Click the Night Before Christmas

by LTH

Are you ready for a visit from St. Nicholas? He's expecting cookies and milk. Maybe a beer.
Remove Ads.
Support Sporcle.
Get the best of Sporcle when you Go Orange. This ad-free experience offers more features, more stats, and more fun while also helping to support Sporcle. Thank you for becoming a member.

Show Comments

Extras

Top Quizzes Today


Score Distribution

Your Account Isn't Verified!

In order to create a playlist on Sporcle, you need to verify the email address you used during registration. Go to your Sporcle Settings to finish the process.

Report this User

Report this user for behavior that violates our Community Guidelines.

Details: